|
|
|
|
| LEADER |
00000nam0a2200000 4500 |
| 001 |
158510 |
| 005 |
20231031154442.0 |
| 010 |
|
|
|a 9785180009203
|b (в пер.)
|b 12000 экз.
|
| 021 |
|
|
|a RU
|b 09-20845
|9 09-1235
|
| 035 |
|
|
|a (RuTPU)RU\TPU\book\171903
|
| 090 |
|
|
|a 158510
|
| 100 |
|
|
|a 20090423d2008 m y0rusy5002 ca
|
| 101 |
1 |
|
|a rus
|c fre
|
| 102 |
|
|
|a RU
|
| 105 |
|
|
|a y z 000ay
|
| 200 |
1 |
|
|a Между небом и землей
|e пер. с фр.
|f М. Леви
|
| 210 |
|
|
|a Москва
|c Махаон
|d 2008
|
| 215 |
|
|
|a 254 с.
|
| 225 |
1 |
|
|a Современная классика. Бестселлер
|
| 330 |
|
|
|a Сегодня Марк Леви — один из самых популярных французских писателей, его книги переведены более чем на 30 языков и расходятся огромными тиражами. Первый же его роман «Между небом и землёй» поразил необычайным сюжетом и силой чувств, способных творить чудеса. Однажды поздним вечером в квартире одинокого архитектора появляется красивая незнакомая девушка, которая оказывается... привидением, и только он может ей помочь. Но и он был бы бессилен перед смертью, если бы не любовь. Права на экранизацию романа приобретены Стивеном Спилбергом, фильм поставлен одним из самых модных и популярных режиссеров Голливуда Марком Уолтерсом («Дрянные девчонки», «Чумовая пятница»). В главной роли — Риз Уизерспун («Блондинка в законе», «Шоссе», «Стильная штучка»). Теперь этот фильм могут увидеть и российские зрители.
|
| 606 |
0 |
|
|a Мистика (х. л.)
|2 stltpush
|
| 606 |
0 |
|
|a Фантастические романы и рассказы (х. л.)
|2 stltpush
|
| 610 |
1 |
|
|a французская литература
|
| 610 |
1 |
|
|a романы
|
| 610 |
1 |
|
|a любовь
|
| 610 |
1 |
|
|a мистика
|
| 675 |
|
|
|a 84
|v 3
|
| 700 |
|
1 |
|a Леви
|b М.
|g Марк
|
| 801 |
|
0 |
|a RU
|b 63413507
|c 20090413
|g PSBO
|
| 801 |
|
1 |
|a RU
|b 63413507
|c 20090423
|g PSBO
|
| 801 |
|
2 |
|a RU
|b 63413507
|c 20090506
|g PSBO
|
| 830 |
|
|
|a <b><br /> <b>Леви М.</b> Между небом и землей : [пер. с фр.] / Марк Леви. - М. : Махаон, 2009. - 253, [1] с.; 19 см. - (Современная классика : СК. Бестселлер). - 12000 экз. - 978-5-18-000920-3 (в пер.). - [09-20845]<br /> - - 1. Мистика (х. л.). 2. Фантастические романы и рассказы (х. л.). </p><p style='text-align:right'>УДК 821.133.1-31 <br />ББК 84(4Фра)-44 </p>
|
| 942 |
|
|
|c BK
|